000 00303nam a2200133Ia 4500
003 OSt
005 20240406121254.0
008 170524s9999 xx 000 0 und d
020 _a978-0136419457
040 _cIIMT UNIVERSITY
100 _aROBBINS- SP.
245 0 _aORGANIZATION THEORY
942 _2ddc
_c02
999 _c4124
_d4124